Statistiques concernant Drapeaux des pays ayant une ou des étoiles sur leurs drapeaux

Cliquez ici pour prendre le quiz!

Statistiques générales

  • Ce quiz a été pris 79 fois
    (43 depuis la dernière actualisation)
  • Le résultat moyen est 27 sur 67

Statistiques - réponses

Pays% Correct
49Chine
89%
40États-Unis
89%
15Australie
86%
16Nouvelle-Zélande
81%
42Venezuela
78%
12Tunisie
70%
10Sénégal
65%
38Turquie
65%
9Syrie
62%
59Vietnam
62%
11Algérie
59%
2Maroc
59%
35Somalie
59%
19Brésil
57%
46Cameroun
57%
27Micronésie
54%
6Honduras
51%
29Pakistan
51%
67Tuvalu
51%
20Chili
49%
3Ghana
49%
33Singapour
49%
52Mauritanie
46%
60Israël
43%
50République démocratique du Congo
43%
23Cuba
41%
7Panama
41%
31Saint-Christophe-et-Niévès
41%
39Turkménistan
41%
64Jordanie
38%
26Libye
38%
57Suriname
38%
28Myanmar
35%
30Papouasie-Nouvelle-Guinée
35%
32Samoa
35%
37Togo
35%
65Azerbaïdjan
32%
47Cap-Vert
32%
13Djibouti
32%
1Éthiopie
32%
55Philippines
32%
56Soudan du Sud
32%
58Tadjikistan
32%
14Corée du Nord
30%
43Angola
27%
21Comores
27%
62Croatie
27%
51Grenade
27%
53Mozambique
27%
34Salomon
27%
18Bosnie-Herzégovine
24%
8Dominique
24%
4Guinée Bissau
24%
24Kosovo
24%
41Ouzbékistan
24%
44Bolivie
22%
48République centrafricaine
22%
36Timor oriental
22%
17Zimbabwe
22%
45Burkina Faso
19%
25Liberia
19%
5São Tomé-et-Principe
19%
63Slovénie
19%
66Moldavie
14%
54Paraguay
14%
22Costa Rica
11%
61Burundi
5%

Distribution des résultats

Percentile par nombre de réponses

% des personnes avec chaque résultat

Votre développement - résultats

Vous n’avez pas pris ce quiz depuis la dernière actualisation